1854 1627 1893 1952 1343 1763 1475 1782 1664 1525 1460 1036 1236 1807 1352 1418 1635 1983 1180 1438 1428 1384 1367 1132 1946 1340 1820 1943 1113 1833 1019 1671 1295 1181 1587 1999 1821 1918 1550 1219 1707 1901 1937 1583 1593 1515 1667 1265 1839 1438 1066 1441 1820 1074 1408 1865 1853 1642 1609 1840 1640 1814 1539 1269 1526 1804 1143 1478 1604 1332 1846 1125 1963 1488 1992 1775 1681 1939 1668 1599 1915 1785 1648 1021 1816 1262 1551 1360 1155 1086 1175 1778 1449 1076 1924 1309 1078 1896 1357 BCNSPRNW ULIB Ver.6.0+V

เปลี่ยนเป็นภาษาไทย

Change to English
 แสดงรายละเอียดบรรณานุกรม
  กลับหน้าหลัก

Brief Record : Get Marc (ISO 2709) : E-mail record : QR code < ปิดหน้าต่าง
LEADER : 00000nam 2200000uu 4500
001    13399126419
003     ULIB
008    180914s2561||||th 000 0 tha d
020    ^a9786161402884
050    ^aBF^bอ667ถ
100    ^aอาวาซี, เคียวอิจิโร
245    ^aถามเป็น ชีวิตเปลี่ยน
250    ^aพิมพ์ครั้งที่ 1
260    ^aกรุงเทพฯ :^bตถาตา พับลิเคชั่น,^c2561
300    ^a176 หน้า;^b19 ซม.
650    ^aจิตวิทยาประยุกต์
700 0  ^aบัณฑิต ประดิษฐานุวงศ์,ผู้แปล
945    ^p230^l0^i26620
999    ^aกัณชพร จุลอักษร
รายการนี้ยังไม่มีแท็ก
คุณยังไม่ได้ล็อกอิน คุณสามารถมีกิจกรรมร่วมกับเว็บไซต์ได้ แต่ต้องล็อกอินก่อน ::
  ล็อกอิน

รายการสื่อสารสนเทศ

ลำดับที่ ประเภท เลขเรียก/บาร์โค้ด สถานที่ สถานะ
1. วิทยาศาสตร์การแพทย์ และสุขภาพ
วิทยาศาสตร์การแพทย์ และสุขภาพ
BF อ667ถ ฉ.1 
  Barcode: 26620
ห้องสมุดวิทยาเขตนครสวรรค์
►หนังสือทั่วไป:l:General Books
บนชั้น

รายการใกล้เคียง
    ชื่อเรื่อง [ถามเป็น ชีวิตเปลี่ยน]

    ผู้แต่ง [อาวาซี, เคียวอิจิโร]

    หัวเรื่อง [จิตวิทยาประยุกต์]

BibComment


ยังไม่เคยถูกคอมเมนท์

คอมเมนท์ทรัพยากรรายการนี้
  คอมเมนท์: ถามเป็น ชีวิตเปล..


 Copyright 2026. Bcnsprnw @Library